Cambio político y déficit democrático en México / (Registro nro. 39804)
[ vista simple ]
| 000 -LEADER | |
|---|---|
| campo de control de longitud fija | 03118nam a2200517 i 4500 |
| 001 - NÚMERO DE CONTROL | |
| campo de control | 39804 |
| 003 - IDENTIFICADOR DE NÚMERO DE CONTROL | |
| campo de control | FlNmELB |
| 005 - FECHA Y HORA DE LA ÚLTIMA TRANSACCIÓN | |
| campo de control | 20241216221827.0 |
| 006 - CÓDIGOS DE INFORMACIÓN DE LONGITUD FIJA--CARACTERÍSTICAS DEL MATERIAL ADICIONAL | |
| campo de control de longitud fija | m o d | |
| 007 - CAMPO FIJO DE DESCRIPCIÓN FÍSICA--INFORMACIÓN GENERAL | |
| campo de control de longitud fija | cr cnu|||||||| |
| 008 - DATOS DE LONGITUD FIJA--INFORMACIÓN GENERAL | |
| campo de control de longitud fija | 141117s2010 mx a ob 000 0 spa d |
| 020 ## - NÚMERO INTERNACIONAL ESTÁNDAR DEL LIBRO | |
| Número Internacional Estándar del Libro | 9781413555288 (e-book) |
| 020 ## - NÚMERO INTERNACIONAL ESTÁNDAR DEL LIBRO | |
| ISBN cancelado o inválido | 9786074013177 |
| 035 ## - NÚMERO DE CONTROL DEL SISTEMA | |
| Número de control de sistema | (MiAaPQ)EBC3225612 |
| 035 ## - NÚMERO DE CONTROL DEL SISTEMA | |
| Número de control de sistema | (Au-PeEL)EBL3225612 |
| 035 ## - NÚMERO DE CONTROL DEL SISTEMA | |
| Número de control de sistema | (CaPaEBR)ebr10957584 |
| 035 ## - NÚMERO DE CONTROL DEL SISTEMA | |
| Número de control de sistema | (OCoLC)991927437 |
| 040 ## - FUENTE DE CATALOGACIÓN | |
| Centro catalogador/agencia de origen | FINmELB |
| Lengua de catalogación | spa |
| Normas de descripción | rda |
| Centro/agencia transcriptor | FINmELB |
| 050 #4 - SIGNATURA TOPOGRÁFICA DE LA BIBLIOTECA DEL CONGRESO | |
| Número de clasificación | JL1281 |
| Número de ítem | .C333 2010 |
| 082 0# - NÚMERO DE LA CLASIFICACIÓN DECIMAL DEWEY | |
| Número de clasificación | 320.972 |
| Información de edición | 23 |
| 245 00 - MENCIÓN DEL TÍTULO | |
| Título | Cambio político y déficit democrático en México / |
| Mención de responsabilidad, etc. | Henio Millán, Martagloria Morales Garza, Luis Alberto Fernández García, [coordinadores]. |
| 264 #1 - PRODUCCIÓN, PUBLICACIÓN, DISTRIBUCIÓN, FABRICACIÓN Y COPYRIGHT | |
| Producción, publicación, distribución, fabricación y copyright | [Querétaro] : |
| Nombre del de productor, editor, distribuidor, fabricante | Universidad Autónoma de Querétaro ; |
| Producción, publicación, distribución, fabricación y copyright | México, D.F. : |
| Nombre del de productor, editor, distribuidor, fabricante | Miguel Ángel Porrúa, |
| Fecha de producción, publicación, distribución, fabricación o copyright | 2010. |
| 300 ## - DESCRIPCIÓN FÍSICA | |
| Extensión | 1 recurso en línea (318, sin numeración páginas) : |
| Otras características físicas | ilustraciones |
| 336 ## - TIPO DE CONTENIDO | |
| Término de tipo de contenido | texto |
| Código de tipo de contenido | txt |
| Fuente | rdacontent/spa |
| 337 ## - TIPO DE MEDIO | |
| Nombre/término del tipo de medio | computadora |
| Código del tipo de medio | c |
| Fuente | rdamedia/spa |
| 338 ## - TIPO DE SOPORTE | |
| Nombre/término del tipo de soporte | recurso en línea |
| Código del tipo de soporte | cr |
| Fuente | rdacarrier/spa |
| 490 1# - MENCIÓN DE SERIE | |
| Mención de serie | Las ciencias sociales |
| 504 ## - NOTA DE BIBLIOGRAFÍA, ETC. | |
| Nota de bibliografía, etc. Nota | Contiene referencias bibliográficas (páginas 307-[319]). |
| 505 00 - NOTA DE CONTENIDO CON FORMATO | |
| Título | Cambio político y democracia / Martagloria Morales Garza -- Elección racional, instituciones y cambio político / Henio Millán -- Teorías de la revolución y la Revolución mexicana : una evaluación y aplicación preliminar de la perspectiva estructuralista de Theda Skocpol / Augusto L. Peón Solís -- Vía y dimensiones del cambio político en México / José Arturo Rodríguez Obregón -- La sociedad civil mexicana como actor de cambio social : un recuento de su contribución a la transición democrática / Alejandro Natal -- Transparencia nubosa : déficit de accountability en sociedades heterogéneas / Luis Alberto Fernández García --Cambio político, herencias autoritarias e ingobernabilidad en Querétaro : el caso de El Batán / Enrique Nieto Piña -- Los deudares de crédito hipotecario, un actor social difícil de definir / Juan José Lara Ovando -- Conclusiones / Henio Millán Valenzuela y Martagloria Morales Garza. |
| 588 ## - NOTA DE FUENTE DE LA DESCRIPCIÓN | |
| Nota de fuente de la descripción | Descripción basada en recurso en línea; Título de la página del título en PDF (e-libro, visto November 17, 2014). |
| 590 ## - NOTA LOCAL (RLIN) | |
| Nota local | Recurso electrónico. Santa Fe, Arg.: e-libro, 2015. Disponible vía World Wide Web. El acceso puede estar limitado para las bibliotecas afiliadas a e-libro. |
| 650 #0 - PUNTO DE ACCESO ADICIONAL DE MATERIA--TÉRMINO DE MATERIA | |
| Término de materia o nombre geográfico como elemento de entrada | Democratization |
| Subdivisión geográfica | Mexico. |
| 650 #0 - PUNTO DE ACCESO ADICIONAL DE MATERIA--TÉRMINO DE MATERIA | |
| Término de materia o nombre geográfico como elemento de entrada | Political culture |
| Subdivisión geográfica | Mexico. |
| 650 #4 - PUNTO DE ACCESO ADICIONAL DE MATERIA--TÉRMINO DE MATERIA | |
| Término de materia o nombre geográfico como elemento de entrada | Democratización |
| Subdivisión geográfica | México. |
| 650 #4 - PUNTO DE ACCESO ADICIONAL DE MATERIA--TÉRMINO DE MATERIA | |
| Término de materia o nombre geográfico como elemento de entrada | Cultura política |
| Subdivisión geográfica | México. |
| 651 #0 - PUNTO DE ACCESO ADICIONAL DE MATERIA--NOMBRE GEOGRÁFICO | |
| Nombre geográfico | Mexico |
| Subdivisión general | Politics and government. |
| 651 #0 - PUNTO DE ACCESO ADICIONAL DE MATERIA--NOMBRE GEOGRÁFICO | |
| Nombre geográfico | Querétaro (Mexico : State) |
| Subdivisión general | Politics and government. |
| 651 #4 - PUNTO DE ACCESO ADICIONAL DE MATERIA--NOMBRE GEOGRÁFICO | |
| Nombre geográfico | México |
| Subdivisión general | Política y gobierno. |
| 655 #4 - TERMINO DE INDIZACIÓN--GENERO/FORMA | |
| Datos o término principal de género/forma | Libros electrónicos. |
| 700 1# - ENTRADA AGREGADA--NOMBRE PERSONAL | |
| Nombre de persona | Millán V., Henio |
| Forma completa/desarrollada del nombre | (Millán Valenzuela) |
| 700 1# - ENTRADA AGREGADA--NOMBRE PERSONAL | |
| Nombre de persona | Morales Garza, Martha Gloria. |
| 700 1# - ENTRADA AGREGADA--NOMBRE PERSONAL | |
| Nombre de persona | Fernández García, Luis Alberto. |
| 797 2# - PUNTO DE ACCESO ADICIONAL LOCAL--NOMBRE DE ENTIDAD CORPORATIVA (RLIN) | |
| Nombre de entidad corporativa o nombre de jurisdicción como elemento de entrada | e-libro, Corp. |
| 830 #0 - PUNTO DE ACCESO ADICIONAL DE SERIE-TÍTULO UNIFORME | |
| Título uniforme | Serie Las ciencias sociales. |
| 856 40 - LOCALIZACIÓN Y ACCESO ELECTRÓNICOS | |
| Identificador Uniforme de Recurso | <a href="https://elibro.net/ereader/politecnicointernacional/38341">https://elibro.net/ereader/politecnicointernacional/38341</a> |
No hay ítems disponibles.